High Energy Physics : Volume III
Guardado en:
| Formato: | Libro |
|---|---|
| Lenguaje: | inglés |
| Publicado: |
New York :
Academic Press,
1969
|
| Materias: | |
| Etiquetas: |
Sin Etiquetas, Sea el primero en etiquetar este registro!
|
MARC
| LEADER | 00000nam a22000003a 4500 | ||
|---|---|---|---|
| 001 | stu88449 | ||
| 005 | 20141121202429.6 | ||
| 008 | 040629s1969----xxu-----------------eng-d | ||
| 040 | |a STU |b slo | ||
| 041 | 0 | |a eng | |
| 044 | |a xxu | ||
| 080 | |a 539.1 | ||
| 245 | |a High Energy Physics : |b Volume III | ||
| 260 | |a New York : |b Academic Press, |c 1969 | ||
| 300 | |a 380 s | ||
| 650 | 7 | |a atómová energetika |2 stusub | |
| 650 | 7 | |a atómová energetika |2 stusub | |
| 650 | 7 | |a atómová fyzika |2 stusub | |
| 650 | 7 | |a jadrová fyzika |2 stusub | |
| 996 | |b 284J022000 |c J*20523 |l JJK16 |s P |a 0 |w stu88449_0001 | ||